000 00523cam a22002291 4500
001 sa 64008438
003 DLC
005 20260227112054.0
008 940916s1962 ii 000 0 orio
010 _asa 64008438
025 _aPL480:I-O-155
035 _a(OCoLC)31130485
040 _aDLC
_cCU
_dCU
_dDLC
042 _apremarc
050 0 0 _aPK2579.S53
_bS2
100 1 _aSingh, Ram Prasad.
245 1 0 _aSamāpti.
260 _c[1962]
300 _a221 p.
_c19 cm.
500 _aIn Oriya.
500 _aA novel.
999 _c60853
_d60853